000 01008nam a22002177a 4500
999 _c9195
_d9195
003 AR-CdUCM
008 190327b ||||| |||| 00| 0 spa d
040 _aMUNICIPALIDAD PROVINCIAL DEL CUSCO
_cBIBLIOTECA MUNICIPAL DEL CUSCO
082 _a512 /
_bR54
100 _aRich, Barnett
_925254
245 _aTeoría y problemas algebra elemental moderna /
260 _aColombia :
_bMcGraw-Hill,
_c1976.
300 _a392 páginas ;
_c27 cm.
440 _aSerie de compendios Schaum.
_925186
505 _aContenido : De la aritmetica al algebra -- Ecuaciones sencillas y su solución -- Los números reales -- Monomios y polinomios -- Ecuaciones e inecuaciones de primer grado con una incognita -- Nociones de geométria. Formulas -- Nociones de geométria analitica -- Sistema de ecuaciones e inecuaciones lineales en dos variables ...
650 _aAlgebra elemental
_925255
650 _aMatematica
_920026
700 _aCaro Caycedo, Eduardo A. (traductor)
_925256
942 _2ddc
_cLIBROS
945 _azta